MARC

LEADER 00000nam0a2200000 4500
001 354183
005 20231102010651.0
035 |a (RuTPU)RU\TPU\retro\11441 
090 |a 354183 
100 |a 20200617d1971 m y0rusy50 ca 
101 0 |a rus 
102 |a RU 
105 |a a j 001zy 
200 1 |a Основы дефектометрии ультразвуковым эхо-методом  |e [лекция]  |f Б. Г. Голодаев  |g Центральное правление научно-технического общества приборостроительной промышленности им. С. И. Вавилова ; Общественный институт, Заочные курсы усовершенствования ИТР по неразрушающим методам контроля качества изделий и материалов 
210 |a Москва  |c Машиностроение  |d 1971 
215 |a 73 с.  |c ил. 
320 |a Библиогр.: с. 70 
606 1 |a Дефектоскопия ультразвуковая  |2 stltpush  |3 (RuTPU)RU\TPU\subj\39066  |9 59283 
610 1 |a пьезопреобразователи 
610 1 |a добротность 
610 1 |a электрическая нагрузка 
610 1 |a ультразвуковые колебания 
610 1 |a излучение 
610 1 |a распространение 
610 1 |a прием 
610 1 |a импульсный режим 
610 1 |a эхо-дефектометрия 
610 1 |a уравнение 
610 1 |a лекции 
675 |a 620.179.16  |v 4 
700 1 |a Голодаев  |b Б. Г.  |g Борис Глебович 
712 0 2 |a Центральное правление научно-технического общества приборостроительной промышленности им. С. И. Вавилова  |2 stltpush  |3 (RuTPU)RU\TPU\col\13488  |9 25691 
712 0 2 |a Общественный институт  |b Заочные курсы усовершенствования ИТР по неразрушающим методам контроля качества изделий и материалов  |2 stltpush  |3 (RuTPU)RU\TPU\col\27750  |9 28864 
801 1 |a RU  |b 63413507  |c 20200617 
801 2 |a RU  |b 63413507  |c 20210414  |g RCR 
942 |c BK